Normal view
MARC view
- Baird, Colin.
Entry Personal Name
001 - CONTROL NUMBER
- control field: 2639
003 - CONTROL NUMBER IDENTIFIER
- control field: NUST
005 - DATE AND TIME OF LATEST TRANSACTION
- control field: 20170614105024.0
008 - FIXED-LENGTH DATA ELEMENTS
- fixed length control field: 170614|| aca||aabn | a|a d
040 ## - CATALOGING SOURCE
- Original cataloging agency: NUST
- Transcribing agency: NUST
100 ## - HEADING--PERSONAL NAME
- Personal name: Baird, Colin.
670 ## - SOURCE DATA FOUND
- Source citation: Work cat.: (NUST)0: Baird, Colin., Environmental chemistry /, c1999.
